| 000 | 01301nam a2200361 c 4500 | ||
|---|---|---|---|
| 003 | BLK | ||
| 005 | 20180420221657.0 | ||
| 008 | 180408b bul|||||r ||||||| ||bul|| | ||
| 010 | _aKNG00049544000 | ||
| 020 |
_a954-579-334-1 _bиздат.: Славена |
||
| 040 | _aBLK | ||
| 041 |
_aBUL _cBUL |
||
| 080 |
_aСтатистиката като наука. Теория на статистиката _b311 _x(076)(075.8) _z311(076)(075.8) |
||
| 100 | 1 |
_aХаджиев, Веселин Иванов _eпърви автор _9279237 |
|
| 139 |
_aХаджиев, Веселин Иванов _bХ 15 |
||
| 245 | 1 | 0 |
_aЗадачи и тестове по статистика _cВеселин Иванов Хаджиев. |
| 257 | _aBGR | ||
| 260 |
_аВарна _bСлавена _c2004 |
||
| 300 |
_a76 с. _bс табл. _c20 см |
||
| 380 | _a3 | ||
| 500 | _aОфс. изд. - 300 тир. | ||
| 650 | 4 |
_aСтатистика - учебници за ВУЗ _9244587 |
|
| 653 | _aстатистика | ||
| 653 | _aформули | ||
| 653 | _aсимволи | ||
| 653 | _aтестови задачи | ||
| 653 | _aучебници за ВУЗ | ||
| 852 | _aЦб 223452 | ||
| 856 | 4 |
_qpdf _u |
|
| 856 | 4 |
_qpdf _u |
|
| 942 |
_cKNG _n0 |
||
| 944 |
_aCR _c18.04.2005 _kЛюдмила_Стоянова |
||
| 944 |
_aED _c24.04.2008 _k |
||
| 999 |
_c45747 _d45747 |
||